[Event "2. Bundesliga Ost 2008/2009"]
[Site "3-5.10.Bruck,22-23.11.Poechlarn,17-18.1.Wr.Neust,28
[Date "2009.02.28"]
[Round "8"]
[Board "1"]
[White "Polak, Thomas"]
[Black "Beckhuis, Gernod"]
[Result "1-0"]
[WhiteElo "2553"]
[BlackElo "2348"]
[PlyCount "55"]
[EventDate "2008.10.03"]
[EventType "team"]
[EventRounds "11"]
[EventCountry "AUT"]
[WhiteTeam "SV Stockerau"]
[BlackTeam "Austria Wien"]

1.d4 d5 2.c4 c6 3.Nc3 Nf6 4.e3 e6 5.Nf3 Nbd7 6.Qc2 Bd6 7.g4 Nxg4 8.Rg1 Qf6
9.Rxg4 Qxf3 10.Rxg7 Nf6 11.h3 dxc4 12.Bd2 e5 13.dxe5 Bxe5 14.Rg5 Rg8 15.Rxe5+
Be6 16.Ne2 O-O-O 17.O-O-O Qxf2 18.Nf4 b5 19.Be2 Nd5 20.Be1 Qg1 21.Nxe6 fxe6
22.Qe4 Qh2 23.Bg4 Kb7 24.Rxe6 c3 25.Bxc3 Nxc3 26.Qxc6+ Kb8 27.bxc3 Rxd1+ 28.Bxd1

[Event "2. Bundesliga Ost 2008/2009"]
[Site "3-5.10.Bruck,22-23.11.Poechlarn,17-18.1.Wr.Neust,28
[Date "2009.02.28"]
[Round "8"]
[Board "2"]
[White "Pokorna, Regina"]
[Black "Chytilek, Roman"]
[Result "1/2-1/2"]
[WhiteElo "2376"]
[BlackElo "2394"]
[PlyCount "81"]
[EventDate "2008.10.03"]
[EventType "team"]
[EventRounds "11"]
[EventCountry "AUT"]
[WhiteTeam "Austria Wien"]
[BlackTeam "SV Stockerau"]

1.e4 c5 2.Nf3 e6 3.d4 cxd4 4.Nxd4 Nc6 5.Nc3 Qc7 6.Be2 a6 7.O-O Nf6 8.Be3 Bb4
9.Na4 Be7 10.Nxc6 bxc6 11.Nb6 Rb8 12.Nxc8 Qxc8 13.Bd4 c5 14.Be5 Rb6 15.b3 Nxe4
16.Bxg7 Rg8 17.Be5 Bf6 18.Bxf6 Rd6 19.Qc1 Nxf6 20.Qf4 Ke7 21.Rad1 Qb8 22.Qe3
Rxd1 23.Rxd1 Qb6 24.c4 Rc8 25.g3 Rc6 26.g4 Rc8 27.g5 Rg8 28.Qf4 Rg6 29.Bd3 Nh5
30.Qh4 Ng7 31.Bxg6 hxg6 32.Qh8 Nf5 33.Qf6+ Ke8 34.Qh8+ Ke7 35.Qf6+ Ke8 36.Qe5
Qc6 37.Qh8+ Ke7 38.Qf6+ Ke8 39.Qh8+ Ke7 40.Qf6+ Ke8 41.Qh8+

[Event "2. Bundesliga Ost 2008/2009"]
[Site "3-5.10.Bruck,22-23.11.Poechlarn,17-18.1.Wr.Neust,28
[Date "2009.02.28"]
[Round "8"]
[Board "3"]
[White "Groetz, Harald"]
[Black "Hangweyrer, Manfred"]
[Result "1/2-1/2"]
[WhiteElo "2376"]
[BlackElo "2338"]
[PlyCount "30"]
[EventDate "2008.10.03"]
[EventType "team"]
[EventRounds "11"]
[EventCountry "AUT"]
[WhiteTeam "SV Stockerau"]
[BlackTeam "Austria Wien"]

1.e4 g6 2.d4 Bg7 3.Nf3 d6 4.Nc3 Nf6 5.Be2 O-O 6.O-O c6 7.a4 a5 8.h3 Na6 9.Be3
Qc7 10.Nd2 Nb4 11.f4 e6 12.Nc4 d5 13.e5 dxc4 14.exf6 Bxf6 15.Ne4 Bg7

[Event "2. Bundesliga Ost 2008/2009"]
[Site "3-5.10.Bruck,22-23.11.Poechlarn,17-18.1.Wr.Neust,28
[Date "2009.02.28"]
[Round "8"]
[Board "4"]
[White "Vokroj, Rene"]
[Black "Schmid, Thomas"]
[Result "0-1"]
[WhiteElo "2339"]
[BlackElo "2172"]
[PlyCount "92"]
[EventDate "2008.10.03"]
[EventType "team"]
[EventRounds "11"]
[EventCountry "AUT"]
[WhiteTeam "Austria Wien"]
[BlackTeam "SV Stockerau"]

1.e4 c5 2.Nf3 d6 3.d4 cxd4 4.Nxd4 Nf6 5.Nc3 a6 6.Bg5 e6 7.f4 Qb6 8.Qd2 Nc6 9.Nb3
Ng4 10.Bd3 h6 11.Bh4 g5 12.Qe2 Qe3 13.Nd1 Qxe2+ 14.Bxe2 Nb4 15.Rc1 Nf6 16.fxg5
hxg5 17.Bxg5 Nxe4 18.Be3 Nxa2 19.Rb1 Nb4 20.O-O Nxc2 21.Bb6 Nb4 22.Ne3 d5 23.Bd4
Rh7 24.Ng4 f5 25.Nf6+ Nxf6 26.Bxf6 Nc6 27.g4 fxg4 28.Bxg4 Be7 29.h3 e5 30.Kg2
Bxg4 31.hxg4 Bxf6 32.Rxf6 Ke7 33.Rbf1 Rg8 34.Kg3 Rhg7 35.Nc5 Rxg4+ 36.Kh3 Rg3+
37.Kh2 Rg2+ 38.Kh1 Rg1+ 39.Kh2 Rxf1 40.Rxf1 Nd8 41.Rf5 Kd6 42.b4 e4 43.Kh3 Rg7
44.Rf6+ Ke5 45.Rf8 Nc6 46.Re8+ Re7

[Event "2. Bundesliga Ost 2008/2009"]
[Site "3-5.10.Bruck,22-23.11.Poechlarn,17-18.1.Wr.Neust,28
[Date "2009.02.28"]
[Round "8"]
[Board "5"]
[White "Sadilek, Maximilian"]
[Black "Kwatschewsky, Leo"]
[Result "0-1"]
[WhiteElo "2164"]
[BlackElo "2238"]
[PlyCount "137"]
[EventDate "2008.10.03"]
[EventType "team"]
[EventRounds "11"]
[EventCountry "AUT"]
[WhiteTeam "SV Stockerau"]
[BlackTeam "Austria Wien"]

1.e4 c5 2.Nc3 a6 3.f4 e6 4.g3 b5 5.Bg2 Bb7 6.d3 Nf6 7.Qe2 Nc6 8.Nf3 d5 9.e5 Ng8
10.O-O g6 11.a4 b4 12.Nd1 Nge7 13.Ne3 h5 14.c3 a5 15.Ng5 Ba6 16.g4 Bh6 17.h4
hxg4 18.Nxg4 Bxg5 19.hxg5 Nf5 20.Nf6+ Kf8 21.Rf3 Kg7 22.Bd2 Nce7 23.Kf2 Qc7
24.Rh1 Rxh1 25.Bxh1 Rh8 26.Rh3 Qd8 27.Qf1 Bb7 28.Bf3 Bc6 29.Bd1 d4 30.c4 Ne3
31.Bxe3 dxe3+ 32.Kxe3 Qd4+ 33.Kd2 Qxb2+ 34.Ke1 Qc3+ 35.Ke2 Nf5 36.Rxh8 Nd4+
37.Kf2 Qd2+ 38.Kg1 Qe3+ 39.Qf2 Qxf2+ 40.Kxf2 Kxh8 41.Ke3 b3 42.Kd2 Bxa4 43.Kc3
b2 44.Kxb2 Bxd1 45.Ne4 Ne2 46.Nxc5 Nxf4 47.d4 Bf3 48.Nb3 a4 49.Nc5 Ne2 50.Nxa4
Nxd4 51.Nc5 Bc6 52.Kc3 Nf3 53.Nd3 Kg7 54.Kb4 Be4 55.Nf2 Nxg5 56.Kc5 Ba8 57.Kb6
Ne4 58.Nd3 f5 59.c5 Nc3 60.c6 Nd5+ 61.Kc5 Kf7 62.Kd6 Bxc6 63.Kxc6 g5 64.Kd6 g4
65.Nc5 Nf4 66.Nb3 g3 67.Nd4 g2 68.Nf3 Nh3 69.Ng5+

[Event "2. Bundesliga Ost 2008/2009"]
[Site "3-5.10.Bruck,22-23.11.Poechlarn,17-18.1.Wr.Neust,28
[Date "2009.02.28"]
[Round "8"]
[Board "6"]
[White "Poecksteiner, Johann"]
[Black "Wiedermann, Franz"]
[Result "1/2-1/2"]
[WhiteElo "2169"]
[BlackElo "2070"]
[PlyCount "53"]
[EventDate "2008.10.03"]
[EventType "team"]
[EventRounds "11"]
[EventCountry "AUT"]
[WhiteTeam "Austria Wien"]
[BlackTeam "SV Stockerau"]

1.b3 f5 2.Bb2 Nf6 3.Bxf6 exf6 4.e3 d5 5.Nf3 Nc6 6.d4 a6 7.g3 Be6 8.Bg2 Qd7 9.a3
Bd6 10.Nfd2 Ne7 11.c4 c6 12.Nc3 b5 13.O-O dxc4 14.bxc4 Rd8 15.Qe2 O-O 16.Rfd1
Rfe8 17.Bf1 Ng6 18.d5 cxd5 19.cxb5 f4 20.gxf4 Bg4 21.Qd3 Bxd1 22.Qxd5+ Kh8
23.Rxd1 Qg4+ 24.Qg2 Qxg2+ 25.Kxg2 axb5 26.Bxb5 Rf8 27.Nc4

[Event "2. Bundesliga Ost 2008/2009"]
[Site "3-5.10.Bruck,22-23.11.Poechlarn,17-18.1.Wr.Neust,28
[Date "2009.03.01"]
[Round "9"]
[Board "1"]
[White "Beckhuis, Gernod"]
[Black "Varga, Zoltan"]
[Result "1/2-1/2"]
[WhiteElo "2348"]
[BlackElo "2494"]
[PlyCount "39"]
[EventDate "2008.10.03"]
[EventType "team"]
[EventRounds "11"]
[EventCountry "AUT"]
[WhiteTeam "Austria Wien"]
[BlackTeam "ASVOE SK Lackenbach"]

1.d4 d5 2.c4 dxc4 3.Nf3 Nf6 4.e3 e6 5.Bxc4 a6 6.O-O b5 7.Bd3 c5 8.dxc5 Bxc5 9.a4
b4 10.e4 Bb7 11.e5 Nfd7 12.Nbd2 Bd5 13.Ne4 Be7 14.Qe2 Nc6 15.Bf4 O-O 16.Rfe1 Qb8
17.Rac1 Ncxe5 18.Nxe5 Nxe5 19.Nc5 Qa7 20.Bxe5

[Event "2. Bundesliga Ost 2008/2009"]
[Site "3-5.10.Bruck,22-23.11.Poechlarn,17-18.1.Wr.Neust,28
[Date "2009.03.01"]
[Round "9"]
[Board "2"]
[White "Papp, Gabor"]
[Black "Pokorna, Regina"]
[Result "1-0"]
[WhiteElo "2509"]
[BlackElo "2376"]
[PlyCount "121"]
[EventDate "2008.10.03"]
[EventType "team"]
[EventRounds "11"]
[EventCountry "AUT"]
[WhiteTeam "ASVOE SK Lackenbach"]
[BlackTeam "Austria Wien"]

1.e4 e5 2.Nf3 Nc6 3.Bb5 a6 4.Ba4 Nf6 5.O-O Be7 6.Re1 b5 7.Bb3 O-O 8.d4 d6 9.c3
Bg4 10.d5 Na5 11.Bc2 c6 12.h3 Bc8 13.dxc6 Qc7 14.Nbd2 Qxc6 15.Nf1 Be6 16.Ng3
Rfe8 17.Ng5 Bd7 18.Nh5 h6 19.Nxf6+ Bxf6 20.Nf3 Rac8 21.Nh2 Nc4 22.b3 Nb6 23.Re3
d5 24.Ng4 Bg5 25.Rg3 d4 26.Bb2 Bf4 27.Rf3 h5 28.Nh2 b4 29.c4 a5 30.Rxf4 exf4
31.Qxh5 Qc5 32.Qxc5 Rxc5 33.Bxd4 Rc6 34.Nf3 Bc8 35.a3 bxa3 36.Rxa3 a4 37.c5 axb3
38.Bxb3 Nd7 39.Ng5 Re7 40.Ra7 Kf8 41.Bd5 Rxc5 42.Bxc5 Nxc5 43.Ra8 Rc7 44.Bxf7
Ke7 45.Bd5 Nd3 46.Ra2 Ne5 47.Ra3 Rc1+ 48.Kh2 Rc2 49.Nf3 Kf6 50.Nxe5 Kxe5 51.f3
Rc5 52.h4 Rc7 53.Ra5 Kf6 54.Rb5 g6 55.Rb6+ Kg7 56.Rc6 Rxc6 57.Bxc6 Kf6 58.g3 g5
59.hxg5+ Kxg5 60.Kg2 Ba6 61.Bd7

[Event "2. Bundesliga Ost 2008/2009"]
[Site "3-5.10.Bruck,22-23.11.Poechlarn,17-18.1.Wr.Neust,28
[Date "2009.03.01"]
[Round "9"]
[Board "3"]
[White "Hangweyrer, Manfred"]
[Black "Vavrak, Peter"]
[Result "1-0"]
[WhiteElo "2338"]
[BlackElo "2478"]
[PlyCount "99"]
[EventDate "2008.10.03"]
[EventType "team"]
[EventRounds "11"]
[EventCountry "AUT"]
[WhiteTeam "Austria Wien"]
[BlackTeam "ASVOE SK Lackenbach"]

1.c4 b6 2.Nc3 Bb7 3.Nf3 e6 4.e3 Nf6 5.b3 Bb4 6.Bb2 O-O 7.Be2 Re8 8.a3 Bf8 9.d4
d5 10.O-O dxc4 11.bxc4 c5 12.Ne5 cxd4 13.exd4 Nc6 14.Bf3 Rc8 15.Nb5 Re7 16.Nxc6
Bxc6 17.d5 exd5 18.Bxf6 gxf6 19.Nd4 Bb7 20.cxd5 Bxd5 21.Bxd5 Rc5 22.Qg4+ Kh8
23.Bf3 Rc4 24.Nc6 Rxg4 25.Nxd8 Ra4 26.Bc6 Rc4 27.Bb5 Rc5 28.a4 Kg7 29.Nc6 Rd7
30.Ne5 Rd2 31.Nf3 Rb2 32.Rad1 Ra2 33.Rd2 Rcc2 34.Rxc2 Rxc2 35.Nd4 Ra2 36.Nf5+
Kg6 37.Ne3 Bc5 38.h4 a6 39.Bxa6 Rxa4 40.Bd3+ Kh6 41.g3 Ra5 42.Kg2 Ra2 43.Kf3 Rd2
44.Bc4 Kg6 45.Ra1 Rd7 46.Ra8 f5 47.Rg8+ Kf6 48.Rg5 Bxe3 49.fxe3 Rd8 50.Kf4

[Event "2. Bundesliga Ost 2008/2009"]
[Site "3-5.10.Bruck,22-23.11.Poechlarn,17-18.1.Wr.Neust,28
[Date "2009.03.01"]
[Round "9"]
[Board "4"]
[White "Vass, Frantisek"]
[Black "Vokroj, Rene"]
[Result "1-0"]
[WhiteElo "2402"]
[BlackElo "2339"]
[PlyCount "61"]
[EventDate "2008.10.03"]
[EventType "team"]
[EventRounds "11"]
[EventCountry "AUT"]
[WhiteTeam "ASVOE SK Lackenbach"]
[BlackTeam "Austria Wien"]

1.d4 Nf6 2.Bg5 c5 3.dxc5 Qa5+ 4.Nd2 Qxc5 5.Ngf3 Ng4 6.e3 f6 7.Bh4 d5 8.h3 Nh6
9.g4 Nc6 10.c3 Nf7 11.e4 dxe4 12.Nxe4 Qb6 13.Qe2 Bd7 14.O-O-O O-O-O 15.Qc4 Nd6
16.Nxd6+ exd6 17.Bg2 Kb8 18.Qf7 Be8 19.Qd5 Rd7 20.Nd4 Nxd4 21.Rxd4 Rc7 22.Re1
Bf7 23.Qe4 Bg6 24.Qe3 Be7 25.Bg3 Rhc8 26.Be4 Qa5 27.Bxg6 hxg6 28.Kb1 Rd7 29.Qd3
Qb6 30.Rxe7 Rxe7 31.Rxd6

[Event "2. Bundesliga Ost 2008/2009"]
[Site "3-5.10.Bruck,22-23.11.Poechlarn,17-18.1.Wr.Neust,28
[Date "2009.03.01"]
[Round "9"]
[Board "5"]
[White "Kwatschewsky, Leo"]
[Black "Hagara, Eduard"]
[Result "0-1"]
[WhiteElo "2238"]
[BlackElo "2379"]
[PlyCount "110"]
[EventDate "2008.10.03"]
[EventType "team"]
[EventRounds "11"]
[EventCountry "AUT"]
[WhiteTeam "Austria Wien"]
[BlackTeam "ASVOE SK Lackenbach"]

1.d4 d6 2.c4 e5 3.Nf3 Nd7 4.Nc3 Ngf6 5.e4 g6 6.Be2 Bg7 7.O-O O-O 8.d5 Nc5 9.Qc2
a5 10.Bg5 Bd7 11.Nd2 Qe8 12.Nb3 Ba4 13.Nxa4 Qxa4 14.Bd3 Nfd7 15.Nxc5 Nxc5
16.Qxa4 Nxa4 17.Rab1 h5 18.Bc2 Nc5 19.Be3 Kh7 20.f3 Bh6 21.Bf2 b6 22.b3 Bd2
23.Rbd1 Bb4 24.a4 Nd7 25.Be3 Bc5 26.Kf2 Kg7 27.Ke2 Bxe3 28.Kxe3 f5 29.g3 f4+
30.Ke2 Rf6 31.Rh1 Raf8 32.Rdf1 Nc5 33.Rhg1 Kh6 34.g4 hxg4 35.Rxg4 Kg7 36.Rh4 Rg8
37.Rg1 Rff8 38.Kf2 Rh8 39.Rgg4 Nd7 40.Kg1 Nf6 41.Rxh8 Rxh8 42.Rg2 Rh3 43.Bd1 Kh6
44.Kf2 g5 45.Be2 g4 46.Bd1 Kg5 47.Kg1 Kh4 48.Kf2 Kg5 49.Kg1 Kh5 50.Kf2 Kh4
51.Kg1 gxf3 52.Rg7 Nxe4 53.Rh7+ Kg4 54.Rxc7 Nc3 55.Rg7+ Kf5

[Event "2. Bundesliga Ost 2008/2009"]
[Site "3-5.10.Bruck,22-23.11.Poechlarn,17-18.1.Wr.Neust,28
[Date "2009.03.01"]
[Round "9"]
[Board "6"]
[White "Stranz, Richard"]
[Black "Poecksteiner, Johann"]
[Result "1/2-1/2"]
[WhiteElo "2253"]
[BlackElo "2169"]
[PlyCount "63"]
[EventDate "2008.10.03"]
[EventType "team"]
[EventRounds "11"]
[EventCountry "AUT"]
[WhiteTeam "ASVOE SK Lackenbach"]
[BlackTeam "Austria Wien"]

1.e4 c5 2.Nc3 Nc6 3.Bb5 g6 4.Bxc6 dxc6 5.d3 Bg7 6.Nge2 e5 7.Be3 b6 8.Qd2 Nf6
9.h3 Be6 10.b3 Qe7 11.Bh6 Bxh6 12.Qxh6 Nd7 13.O-O f6 14.f4 O-O-O 15.Nd1 f5
16.exf5 Bxf5 17.Ne3 Rdf8 18.Rae1 Be6 19.fxe5 Nxe5 20.Ng3 Nf7 21.Qg7 Rhg8 22.Qf6
Qxf6 23.Rxf6 Kd7 24.Ne4 Bd5 25.Nc4 Bxc4 26.bxc4 Nd8 27.Ref1 Ke7 28.Rxf8 Rxf8
29.Rxf8 Kxf8 30.Kf2 Ke7 31.Ke3 Ne6 32.c3

[Event "2. Bundesliga Ost 2008/2009"]
[Site "3-5.10.Bruck,22-23.11.Poechlarn,17-18.1.Wr.Neust,28
[Date "2009.03.01"]
[Round "9"]
[Board "1"]
[White "Manik, Mikulas"]
[Black "Polak, Thomas"]
[Result "1/2-1/2"]
[WhiteElo "2448"]
[BlackElo "2553"]
[PlyCount "21"]
[EventDate "2008.10.03"]
[EventType "team"]
[EventRounds "11"]
[EventCountry "AUT"]
[WhiteTeam "ASVOE Pamhagen"]
[BlackTeam "SV Stockerau"]

1.e4 c6 2.d4 d5 3.e5 Bf5 4.Nf3 e6 5.Be2 Nd7 6.O-O Bg6 7.Nbd2 Nh6 8.Nb3 Nf5 9.Bd2
Be7 10.g4 Nh4 11.Nxh4

[Event "2. Bundesliga Ost 2008/2009"]
[Site "3-5.10.Bruck,22-23.11.Poechlarn,17-18.1.Wr.Neust,28
[Date "2009.03.01"]
[Round "9"]
[Board "2"]
[White "Chytilek, Roman"]
[Black "Alvir, Aco"]
[Result "1/2-1/2"]
[WhiteElo "2394"]
[BlackElo "2386"]
[PlyCount "78"]
[EventDate "2008.10.03"]
[EventType "team"]
[EventRounds "11"]
[EventCountry "AUT"]
[WhiteTeam "SV Stockerau"]
[BlackTeam "ASVOE Pamhagen"]

1.d4 Nf6 2.c4 g6 3.Nc3 Bg7 4.e4 d6 5.h3 O-O 6.Nf3 c5 7.d5 e6 8.Bd3 exd5 9.cxd5
Qc7 10.O-O c4 11.Bc2 a6 12.a4 Nbd7 13.Re1 Re8 14.Bf4 Nh5 15.Be3 Ne5 16.Nxe5 Bxe5
17.Qd2 Bd7 18.a5 Qd8 19.Bd1 Qh4 20.Bxh5 Qxh5 21.Bf4 f6 22.Bh2 g5 23.Bxe5 fxe5
24.Re3 Rf8 25.Rf1 Rf6 26.Qe2 Qxe2 27.Rxe2 Rff8 28.f3 b5 29.axb6 Rfb8 30.Ra1 Rxb6
31.Kf2 Kf7 32.Rc2 Rb4 33.Ke2 Ke7 34.Kd2 h5 35.Rh1 Ba4 36.Nxa4 Rxa4 37.Re1 Rh8
38.Re3 Kd7 39.Rec3 Rb4

[Event "2. Bundesliga Ost 2008/2009"]
[Site "3-5.10.Bruck,22-23.11.Poechlarn,17-18.1.Wr.Neust,28
[Date "2009.03.01"]
[Round "9"]
[Board "3"]
[White "Rueckschloss, Karol"]
[Black "Groetz, Harald"]
[Result "1/2-1/2"]
[WhiteElo "2230"]
[BlackElo "2376"]
[PlyCount "62"]
[EventDate "2008.10.03"]
[EventType "team"]
[EventRounds "11"]
[EventCountry "AUT"]
[WhiteTeam "ASVOE Pamhagen"]
[BlackTeam "SV Stockerau"]

1.c4 e5 2.Nc3 Nc6 3.g3 g6 4.Bg2 Bg7 5.Rb1 a5 6.a3 d6 7.b4 axb4 8.axb4 f5 9.d3
Nf6 10.Nf3 O-O 11.O-O h6 12.b5 Ne7 13.Qb3 Be6 14.Ba3 g5 15.Ne1 Rb8 16.Nc2 Nd7
17.Nd5 Bxd5 18.cxd5 g4 19.d4 e4 20.Bc1 Nb6 21.f3 exf3 22.exf3 Kh8 23.Bd2 Qd7
24.Rbe1 Rbe8 25.Re2 Nbxd5 26.fxg4 c6 27.bxc6 bxc6 28.gxf5 Rxf5 29.Rxf5 Nxf5
30.Rxe8+ Qxe8 31.Qd3 Qf7

[Event "2. Bundesliga Ost 2008/2009"]
[Site "3-5.10.Bruck,22-23.11.Poechlarn,17-18.1.Wr.Neust,28
[Date "2009.03.01"]
[Round "9"]
[Board "4"]
[White "Schmid, Thomas"]
[Black "Vitouch, Anatol"]
[Result "1/2-1/2"]
[WhiteElo "2172"]
[BlackElo "2230"]
[PlyCount "76"]
[EventDate "2008.10.03"]
[EventType "team"]
[EventRounds "11"]
[EventCountry "AUT"]
[WhiteTeam "SV Stockerau"]
[BlackTeam "ASVOE Pamhagen"]

1.e4 Nc6 2.d4 d5 3.exd5 Qxd5 4.Nf3 e5 5.Nc3 Bb4 6.Bd2 Bxc3 7.Bxc3 e4 8.Ne5 Nxe5
9.dxe5 Ne7 10.Qe2 Be6 11.Rd1 Qc6 12.Qb5 Qxb5 13.Bxb5+ c6 14.Be2 Nd5 15.Bd2 O-O
16.O-O Rfe8 17.c4 Ne7 18.Bc3 c5 19.b3 Rad8 20.Rxd8 Rxd8 21.Rd1 Re8 22.h3 Ng6
23.Kh2 Nf4 24.Bf1 h5 25.g3 Ng6 26.Be2 h4 27.Bh5 hxg3+ 28.fxg3 Ne7 29.Re1 Bf5
30.Bg4 Rd8 31.Bxf5 Nxf5 32.Rxe4 Nxg3 33.Kxg3 Rd3+ 34.Kg4 Rxc3 35.e6 fxe6 36.Rxe6
Kf7 37.Rd6 Ke7 38.Rg6 Kf7

[Event "2. Bundesliga Ost 2008/2009"]
[Site "3-5.10.Bruck,22-23.11.Poechlarn,17-18.1.Wr.Neust,28
[Date "2009.03.01"]
[Round "9"]
[Board "5"]
[White "Travenec, Igor"]
[Black "Sadilek, Maximilian"]
[Result "0-1"]
[WhiteElo "2224"]
[BlackElo "2164"]
[PlyCount "118"]
[EventDate "2008.10.03"]
[EventType "team"]
[EventRounds "11"]
[EventCountry "AUT"]
[WhiteTeam "ASVOE Pamhagen"]
[BlackTeam "SV Stockerau"]

1.e4 c5 2.Nf3 Nc6 3.d4 cxd4 4.Nxd4 Nf6 5.Nc3 e5 6.Ndb5 d6 7.Bg5 a6 8.Na3 b5
9.Nd5 Be7 10.Bxf6 Bxf6 11.c3 Ne7 12.Nc2 Nxd5 13.Qxd5 Ra7 14.Nb4 Bb7 15.Qd3 O-O
16.Be2 Qa8 17.Bf3 a5 18.Nc2 Bg5 19.O-O Rd8 20.Rfd1 f5 21.Qxb5 fxe4 22.Bg4 Bc6
23.Qe2 d5 24.Be6+ Kh8 25.Qh5 Bf6 26.Bf5 g6 27.Bxg6 Rg7 28.Bf5 d4 29.g3 e3 30.Ne1
exf2+ 31.Kxf2 Bg5 32.Ke2 Rf8 33.g4 Be4 34.Rd3 Bxf5 35.gxf5 Qe4+ 36.Kd1 dxc3
37.bxc3 Qxf5 38.Qe2 Rd7 39.Kc2 Rxd3 40.Nxd3 e4 41.Nb2 e3+ 42.Nd3 Qe4 43.Rf1 Rb8
44.Rb1 Qa4+ 45.Kc1 Qa3+ 46.Rb2 Qxc3+ 47.Kb1 Rxb2+ 48.Nxb2 Bf6 49.Nc4 Qa1+ 50.Kc2
Qxa2+ 51.Kd3 Qb3+ 52.Ke4 a4 53.Kf5 Bd4 54.Ke4 Bg7 55.Nxe3 a3 56.Qa6 Qb4+ 57.Kf3
Qf8+ 58.Ke2 Bd4 59.Nc4 a2

[Event "2. Bundesliga Ost 2008/2009"]
[Site "3-5.10.Bruck,22-23.11.Poechlarn,17-18.1.Wr.Neust,28
[Date "2009.03.01"]
[Round "9"]
[Board "6"]
[White "Batyte, Daiva"]
[Black "Kuthan, Andreas"]
[Result "0-1"]
[WhiteElo "2142"]
[BlackElo "2201"]
[PlyCount "96"]
[EventDate "2008.10.03"]
[EventType "team"]
[EventRounds "11"]
[EventCountry "AUT"]
[WhiteTeam "SV Stockerau"]
[BlackTeam "ASVOE Pamhagen"]

1.e4 c5 2.Nf3 e6 3.d4 cxd4 4.Nxd4 a6 5.Bd3 Bc5 6.Nb3 Be7 7.O-O Qc7 8.f4 d6 9.Be3
Nc6 10.c4 Nf6 11.Nc3 O-O 12.Rc1 Qb8 13.g4 Re8 14.g5 Nd7 15.Rf3 g6 16.h4 Bf8
17.h5 Nb4 18.hxg6 fxg6 19.Be2 b5 20.cxb5 axb5 21.a3 Nc6 22.Bxb5 Bb7 23.a4 Bg7
24.Rh3 Nf8 25.Qd2 Rd8 26.f5 Ne5 27.f6 Bh8 28.Rf1 Nf7 29.Nd4 Qc7 30.Qh2 Ne5
31.f7+ Nxf7 32.Nxe6 Nxe6 33.Rxh7 Bg7 34.Rxg7+ Kxg7 35.Qd2 Ne5 36.Nd5 Bxd5
37.Qxd5 Qe7 38.Rf6 Nc7 39.Qd1 Nxb5 40.axb5 Rf8 41.Qxd6 Qxd6 42.Rxd6 Kh7 43.b6
Ra1+ 44.Kg2 Re1 45.Bc5 Re2+ 46.Kg1 Rxb2 47.Rd1 Rf7 48.Kh1 Nf3

[Event "2. Bundesliga Ost 2008/2009"]
[Site "3-5.10.Bruck,22-23.11.Poechlarn,17-18.1.Wr.Neust,28
[Date "2009.03.01"]
[Round "9"]
[Board "1"]
[White "Loeffler, Stefan"]
[Black "Sommerbauer, Norbert"]
[Result "1/2-1/2"]
[WhiteElo "2411"]
[BlackElo "2471"]
[PlyCount "38"]
[EventDate "2008.10.03"]
[EventType "team"]
[EventRounds "11"]
[EventCountry "AUT"]
[WhiteTeam "SK Advisory Invest Baden"]
[BlackTeam "Raiffeisen Waehring"]

1.d4 g6 2.e4 Bg7 3.c4 c5 4.d5 d6 5.Nc3 e6 6.dxe6 fxe6 7.Nb5 Ke7 8.Bg5+ Nf6 9.e5
dxe5 10.Qxd8+ Kxd8 11.O-O-O+ Nbd7 12.g3 h6 13.Be3 Ng4 14.Bxc5 b6 15.Bg2 bxc5
16.Bxa8 Nxf2 17.Nxa7 Nxd1 18.Kxd1 Nb6 19.Be4 Nxc4

[Event "2. Bundesliga Ost 2008/2009"]
[Site "3-5.10.Bruck,22-23.11.Poechlarn,17-18.1.Wr.Neust,28
[Date "2009.03.01"]
[Round "9"]
[Board "2"]
[White "Schneider-Zinner, Harald"]
[Black "Brandner, Stefan"]
[Result "1/2-1/2"]
[WhiteElo "2394"]
[BlackElo "2296"]
[PlyCount "57"]
[EventDate "2008.10.03"]
[EventType "team"]
[EventRounds "11"]
[EventCountry "AUT"]
[WhiteTeam "Raiffeisen Waehring"]
[BlackTeam "SK Advisory Invest Baden"]

1.Nf3 Nc6 2.d4 d5 3.Bf4 Bg4 4.e3 e6 5.c4 Bb4+ 6.Nc3 Nf6 7.a3 Bxc3+ 8.bxc3 Ne4
9.Qc2 g5 10.Bg3 Bf5 11.Bd3 h5 12.cxd5 exd5 13.Ne5 Qf6 14.Nxc6 Qxc6 15.O-O Be6
16.Be5 f6 17.f3 fxe5 18.fxe4 O-O-O 19.exd5 Bxd5 20.c4 Bg8 21.Rab1 exd4 22.exd4
b6 23.d5 Qc5+ 24.Kh1 h4 25.h3 g4 26.hxg4 h3 27.g3 h2 28.Qf2 Qxa3 29.Qd4

[Event "2. Bundesliga Ost 2008/2009"]
[Site "3-5.10.Bruck,22-23.11.Poechlarn,17-18.1.Wr.Neust,28
[Date "2009.03.01"]
[Round "9"]
[Board "5"]
[White "Herndlbauer, Martin"]
[Black "Lovrinovic, Christian"]
[Result "1/2-1/2"]
[WhiteElo "2122"]
[BlackElo "2198"]
[PlyCount "125"]
[EventDate "2008.10.03"]
[EventType "team"]
[EventRounds "11"]
[EventCountry "AUT"]
[WhiteTeam "SK Advisory Invest Baden"]
[BlackTeam "Raiffeisen Waehring"]

1.e4 c5 2.Nf3 d6 3.d4 cxd4 4.Nxd4 Nf6 5.Nc3 g6 6.Be3 Bg7 7.f3 Nc6 8.Qd2 O-O
9.Bc4 Bd7 10.O-O-O Rb8 11.Bb3 Na5 12.Bh6 Bxh6 13.Qxh6 e5 14.Ndb5 Nxb3+ 15.cxb3
Bxb5 16.Nxb5 Qa5 17.Nc3 b5 18.Kb1 b4 19.Nd5 Nxd5 20.Rxd5 Qc7 21.Rc1 Qd7 22.Rcd1
Rb6 23.Qd2 Re8 24.Rxd6 Qc7 25.Rd7 Qc5 26.Qd5 Qxd5 27.R1xd5 Rc6 28.Rd8 Rxd8
29.Rxd8+ Kg7 30.Rd7 a6 31.Rb7 Rd6 32.Kc2 Rc6+ 33.Kd3 Rd6+ 34.Ke3 Rc6 35.Rd7 Rc2
36.Rd2 Rc1 37.a3 bxa3 38.bxa3 Rc3+ 39.Rd3 Rc2 40.b4 Rxg2 41.Rd2 Rg1 42.Rd6 Rh1
43.Rxa6 Rxh2 44.Ra5 Rb2 45.Rxe5 Rb3+ 46.Kd4 Rxa3 47.f4 h5 48.b5 h4 49.b6 Rb3
50.Kc5 h3 51.Rd5 h2 52.Rd1 Rc3+ 53.Kb5 Rb3+ 54.Ka6 Ra3+ 55.Kb7 Kf6 56.Rh1 Ra2
57.Kb8 Ke7 58.b7 Kd7 59.Rd1+ Ke7 60.Rc1 Kd7 61.Rd1+ Ke7 62.Rc1 Kd7 63.Rd1+

[Event "2. Bundesliga Ost 2008/2009"]
[Site "3-5.10.Bruck,22-23.11.Poechlarn,17-18.1.Wr.Neust,28
[Date "2009.03.01"]
[Round "9"]
[Board "1"]
[White "Zilka, Stepan"]
[Black "Schroll, Gerhard"]
[Result "1-0"]
[WhiteElo "2471"]
[BlackElo "2430"]
[PlyCount "110"]
[EventDate "2008.10.03"]
[EventType "team"]
[EventRounds "11"]
[EventCountry "AUT"]
[WhiteTeam "Blackburne Nickelsdorf"]
[BlackTeam "1. Wr. Neustaedter SV"]

1.d4 f5 2.Nf3 Nf6 3.g3 e6 4.Bg2 Be7 5.O-O O-O 6.c4 Ne4 7.b3 Bf6 8.Bb2 d5 9.e3 b6
10.Nbd2 Bb7 11.Rc1 Nd7 12.cxd5 Bxd5 13.Nxe4 Bxe4 14.Qe2 Re8 15.Rfd1 Qc8 16.Nd2
Bxg2 17.Kxg2 Qb7+ 18.Qf3 Qxf3+ 19.Nxf3 c5 20.Ba3 Be7 21.dxc5 Nxc5 22.Bxc5 Bxc5
23.Rd7 a5 24.Ne5 a4 25.Rb7 axb3 26.axb3 Reb8 27.Ra1 Rc8 28.Rd1 Rd8 29.Rxd8+ Rxd8
30.b4 Bd6 31.Nc6 Rc8 32.Rxb6 Kf7 33.b5 Kf6 34.Kf3 Bc5 35.Ra6 g5 36.Ke2 f4
37.exf4 gxf4 38.Ra4 Bd6 39.Rd4 Bc7 40.Rb4 Bd6 41.Rb2 h5 42.Kd3 Kf5 43.Nd4+ Kf6
44.b6 fxg3 45.hxg3 h4 46.b7 Rd8 47.gxh4 Bb8 48.Rb6 Kf7 49.Ke4 Rh8 50.Nc6 Rxh4+
51.Kd3 Rh3+ 52.Ke2 Rh8 53.Nxb8 Rxb8 54.Kd3 Ke7 55.Ke4 Kf6

[Event "2. Bundesliga Ost 2008/2009"]
[Site "3-5.10.Bruck,22-23.11.Poechlarn,17-18.1.Wr.Neust,28
[Date "2009.03.01"]
[Round "9"]
[Board "2"]
[White "Steiner, Adam"]
[Black "Pinter, Erik"]
[Result "0-1"]
[WhiteElo "2212"]
[BlackElo "2415"]
[PlyCount "68"]
[EventDate "2008.10.03"]
[EventType "team"]
[EventRounds "11"]
[EventCountry "AUT"]
[WhiteTeam "1. Wr. Neustaedter SV"]
[BlackTeam "Blackburne Nickelsdorf"]

1.e4 c5 2.Nf3 d6 3.d4 cxd4 4.Nxd4 Nf6 5.Nc3 g6 6.Be3 Bg7 7.Be2 Nc6 8.h4 h5 9.f3
d5 10.Nxc6 bxc6 11.e5 Ng8 12.Qd4 Qc7 13.f4 Nh6 14.Qa4 O-O 15.O-O-O Bg4 16.Bc5
Rfb8 17.Rd2 Qb7 18.Qa3 Bxe2 19.Nxe2 e6 20.Nd4 a5 21.c4 Bf8 22.Rh3 Qa6 23.Rc3 Rb4
24.Bxb4 Bxb4 25.Qa4 Bxc3 26.bxc3 Rc8 27.Rb2 Ng4 28.Nb3 Ne3 29.Nd2 Nxg2 30.c5 Qe2
31.Qd4 Ne3 32.Rb3 Qd1+ 33.Kb2 Qc2+ 34.Ka3 Qxd2